WWII Decoder - Statistics

General Stats
  • This quiz has been taken 53,672 times
  • The average score is 16 of 25
Answer Stats
Hint Answer % Correct
W Churchill's first name Winston
99%
H Pearl ______ Harbor
95%
H The führer himself Hitler
93%
I Axis country Italy
86%
H City hit by Little Boy Hiroshima
85%
N Region of the D-Day landings Normandy
84%
S Symbol on the Nazi flag Swastika
83%
A City where Anne Frank hid Amsterdam
79%
E German code machine Enigma
79%
L Germany's Air Force Luftwaffe
79%
L Besieged Soviet city Leningrad
75%
G Nazi secret police Gestapo
74%
S Blood, toil, tears, and this Sweat
74%
T Roosevelt's successor Truman
72%
F Rommel: The Desert ___ Fox
70%
E Nuclear bomber: _____ Gay Enola
60%
E The E in V-E day Europe
55%
O D-Day was part of this operation Overlord
47%
A Forest region where the Battle of the Bulge was fought Ardennes
43%
C WWII movie with Humphrey Bogart Casablanca
42%
Quote We shall fight on the beaches
40%
B American rocket launcher Bazooka
34%
T Japanese Prime Minister Tojo
32%
E Nazi war criminal captured in Argentina Eichmann
30%
H The Shoah Holocaust
30%
No matching quizzes found
Score Distribution
Percent of People with Each Score
Percentile by Number Answered
Your Score History
You have not taken this quiz